书目信息 |
| 题名: |
经理人HR技能训练手册
|
|
| 作者: | 周昌湘 著 | |
| 分册: | ||
| 出版信息: | 北京 北京大学出版社 2008.10 |
|
| 页数: | 167页 | |
| 开本: | 23cm | |
| 丛书名: | 经理人技能系列 | |
| 单 册: | ||
| 中图分类: | F272.93 | |
| 科图分类: | ||
| 主题词: | 企业管理--qi ye guan li--劳动力资源--资源管理--手册 | |
| 电子资源: | ||
| ISBN: | 978-7-301-13938-7 | |
| 000 | 00936nam0 2200241 450 | |
| 001 | 01CN04190050@CSLN | |
| 005 | 20100526104243.39 | |
| 010 | @a978-7-301-13938-7@dCNY28.00 | |
| 100 | @a20100515d2008 em y0chiy50 ea | |
| 101 | 0 | @achi |
| 102 | @aCN@b110000 | |
| 105 | @ay z 000yy | |
| 200 | 1 | @a经理人HR技能训练手册@Ajing li ren hr ji neng xun lian shou ce@f周昌湘著 |
| 210 | @a北京@c北京大学出版社@d2008.10 | |
| 215 | @a167页@d23cm | |
| 225 | 2 | @a经理人技能系列@Ajing li ren ji neng xi lie |
| 330 | @a本书中肯定提出了部门经理常有的人事难题并进行了深入的分析。重点讲解了部门经理如何在人力运用、人员招聘、面谈甄选、在职培训、绩效评估、薪酬激励、员工问题处理等方面提升人力资源专业技能。 | |
| 410 | 0 | @12001 @a经理人技能系列 |
| 606 | 0 | @a企业管理@Aqi ye guan li@x劳动力资源@x资源管理@x手册 |
| 690 | @aF272.93@v4 | |
| 701 | 0 | @a周昌湘@Azhou chang xiang@4著 |
| 801 | 0 | @c20100515 |
| 905 | @dF272.93@eZ750@f3 | |
| 经理人HR技能训练手册/周昌湘著.-北京:北京大学出版社,2008.10 |
| 167页;23cm.-(经理人技能系列) |
| ISBN 978-7-301-13938-7:CNY28.00 |
| 本书中肯定提出了部门经理常有的人事难题并进行了深入的分析。重点讲解了部门经理如何在人力运用、人员招聘、面谈甄选、在职培训、绩效评估、薪酬激励、员工问题处理等方面提升人力资源专业技能。 |
| ● |
| 相关链接 |
|
|
|
正题名:经理人HR技能训练手册
索取号:F272.93/Z750
 
预约/预借
| 序号 | 登录号 | 条形码 | 馆藏地/架位号 | 状态 | 备注 |
| 1 | 983421 | 209834214 | 社科二线422/422社科库 17排1列1层/ [索取号:F272.93/Z750] | 在馆 | |
| 2 | 983422 | 209834223 | 社科二线422/422社科库 17排1列1层/ [索取号:F272.93/Z750] | 在馆 | |
| 3 | 983423 | 209834232 | 社科库409/409社科库 41排2列4层/ [索取号:F272.93/Z750] | 在馆 |